Association of Summer Olympic International Federations (Record no. 120343)

MARC details
000 -LEADER
fixed length control field 00764cam a2200181 4500
001 - CONTROL NUMBER
control field WS124010
008 - FIXED-LENGTH DATA ELEMENTS--GENERAL INFORMATION
fixed length control field 031024n 000 0 eng u
035 ## - SYSTEM CONTROL NUMBER
System control number (Sirsi) u124010
110 ## - MAIN ENTRY--CORPORATE NAME
Corporate name or jurisdiction name as entry element Association of Summer Olympic International Federations
9 (RLIN) 4538
245 ## - TITLE STATEMENT
Title Association of Summer Olympic International Federations
520 ## - SUMMARY, ETC.
Summary, etc. Web site for this organisation which is a grouping of the federations for each sport involved in the summer Olympic Games. These federations are responsible for what happens on the field of play at the games.
650 ## - SUBJECT ADDED ENTRY--TOPICAL TERM
Topical term or geographic name entry element INTERNATIONAL
650 ## - SUBJECT ADDED ENTRY--TOPICAL TERM
Topical term or geographic name entry element OLYMPIC GAMES
650 ## - SUBJECT ADDED ENTRY--TOPICAL TERM
Topical term or geographic name entry element SPORT
690 ## - LOCAL SUBJECT ADDED ENTRY--TOPICAL TERM (OCLC, RLIN)
Topical term or geographic name as entry element LEISURE AND RECREATION
856 40 - ELECTRONIC LOCATION AND ACCESS
Uniform Resource Identifier <a href="https://www.asoif.org">https://www.asoif.org</a>
Public note View the website free of charge at www.asoif.org...
942 ## - ADDED ENTRY ELEMENTS (KOHA)
Suppress in OPAC 0
Holdings
Withdrawn status Lost status Source of classification or shelving scheme Damaged status Not for loan Home library Current library Shelving location Date acquired Total Checkouts Full call number Barcode Date last seen Copy number Price effective from Koha item type
    Dewey Decimal Classification     Virtual Virtual Online 24/10/2003   WEB SITE 124010-1001 06/08/2019 1 06/08/2019 Online material